Statistics for Biggest Cities in Utah

Click here to take the quiz!

General Stats

  • This quiz has been taken 13 times
  • The average score is 9 of 15

Answer Stats

RankCity% Correct
# 1Salt lake city
100%
# 3Provo
91%
# 5Orem
91%
# 2West valley city
82%
# 4West jordan
82%
# 7Ogden
73%
# 8St george
73%
# 10South jordan
55%
# 13Logan
55%
# 9Layton
45%
# 11Lehi
45%
# 12Taylorsville
36%
# 6Sandy
27%
# 14Murray
27%
# 15Herriman
27%

Score Distribution

Percentile by Number Answered

Percent of People with Each Score

Your Score History

You have not taken this quiz